00513nam a2200145Ia 4500008004100000020001800041050001700059100002200076245005600098260005300154300001100207505005500218650005400273650004000327120626s1990 mx 000 0 spa d a968-16-0169-6 aE99bY3 C368 aCASTANEDA, Carlos aLas enseñanzas de Don Juan c/ Carlos Castaneda aMéxicob: Fondo de Cultura Económicac, 1990 a301 p. aI. Las enseñanzas II. Un análisis estructural  aDROGAS, ALUCINACIONES Y EXPERIENCIAS RELIGIOSAS  aYAQUIS xRELIGIÓN Y MITOLOGÍA.